| 000 | 00000nam##2200000za#4500 |
| 001 | 9.647687 |
| 003 | CaOODSP |
| 005 | 20210615112725 |
| 007 | ta |
| 008 | 150407|2000||||xxc||||| f|0| 0 eng|d |
| 020 | |a0-662-28784-3 |
| 040 | |aCaOODSP|beng |
| 043 | |an-cn--- |
| 086 | 1 |aH68-51/2000E |
| 110 | 1 |aCanada.|bHealth Canada. |bNational Council of Welfare. |
| 245 | 10|aJustice and the poor |
| 260 | |aOttawa - Ontario : |bHealth Canada. |c2000. |
| 300 | |a155p. : |bgraphs, references, tables ; |c28 cm. |
| 563 | |aSoftcover |
| 590 | |a00-30|b2000-07-28 |
| 690 | 07|aDiscrimination|2gcpds |
| 690 | 07|aPoverty|2gcpds |
| 690 | 07|aJustice system|2gcpds |
| 690 | 07|aCourt decisions|2gcpds |
| 775 | 08|tLa justice et les pauvres |w(CaOODSP)9.681082 |
| 776 | 0#|tJustice and the poor |w(CaOODSP)9.696855 |